English Words to Know: D - Statistics

General Stats
  • This quiz has been taken 91 times
  • The average score is 45 of 162
Answer Stats
Answer % Correct
do
100%
die
94%
dear
90%
day
87%
deal
84%
deer
84%
dead
77%
dog
77%
door
74%
dad
71%
date
71%
dinner
71%
drive
71%
dream
68%
dry
68%
dig
65%
drop
65%
deep
61%
drink
61%
doctor
58%
daily
55%
dance
55%
dare
55%
death
55%
differ
55%
dirt
55%
depend
52%
different
52%
drag
52%
draw
52%
deck
48%
dirty
48%
dark
45%
decide
45%
divide
45%
dust
45%
difference
42%
deny
39%
distance
39%
down
39%
dress
39%
due
39%
dealer
35%
decision
35%
define
35%
diet
35%
division
35%
doubt
35%
driver
35%
drug
35%
delay
32%
demand
32%
dish
32%
damage
29%
data
29%
definition
29%
desert
29%
desk
29%
direct
29%
distant
29%
diverse
29%
drama
29%
danger
26%
debt
26%
definitely
26%
depth
26%
double
26%
draft
26%
dramatic
26%
drawing
26%
darkness
23%
daughter
23%
deeply
23%
defend
23%
degree
23%
department
23%
depression
23%
deputy
23%
design
23%
during
23%
duty
23%
dangerous
19%
defense
19%
deserve
19%
desperate
19%
destroy
19%
difficult
19%
direction
19%
disaster
19%
dozen
19%
debate
16%
decade
16%
deliver
16%
designer
16%
determine
16%
director
16%
discover
16%
diversity
16%
dominant
16%
delivery
13%
democracy
13%
democrat
13%
demonstrate
13%
demonstration
13%
dependent
13%
depending
13%
derive
13%
despite
13%
destruction
13%
detail
13%
detect
13%
develop
13%
difficulty
13%
disagree
13%
disappear
13%
discuss
13%
dismiss
13%
document
13%
domestic
13%
decline
10%
defeat
10%
democratic
10%
describe
10%
desire
10%
development
10%
differently
10%
dimension
10%
dining
10%
directly
10%
disability
10%
discussion
10%
disease
10%
disorder
10%
district
10%
downtown
10%
dramatically
10%
declare
6%
defendant
6%
detailed
6%
device
6%
discipline
6%
discovery
6%
dominate
6%
decrease
3%
defensive
3%
depict
3%
developing
3%
dialogue
3%
digital
3%
discrimination
3%
display
3%
dispute
3%
distinct
3%
distinction
3%
distribute
3%
distribution
3%
divorce
3%
deficit
0%
description
0%
devote
0%
discourse
0%
distinguish
0%
No matching quizzes found
Score Distribution
Percent of People with Each Score
Percentile by Number Answered
Your Score History
You have not taken this quiz